Ultimate golf techniques
| Main Author: | |
|---|---|
| Format: | Book |
| Published: |
Great Britain :
A Dorling Kindersley Book ,
1998
|
| Subjects: |
MARC
| LEADER | 00000cam a2200000 7i4500 | ||
|---|---|---|---|
| 001 | 0000016948 | ||
| 005 | 20080505.0 | ||
| 008 | 050508 | ||
| 020 | |a 0751305944 | ||
| 090 | 0 | 0 | |a 796.3523 |b CAM |
| 100 | 1 | |a Campbell, Malcolm | |
| 245 | 1 | 0 | |a Ultimate golf techniques |c Malcolm Campbell |
| 260 | |a Great Britain : |b A Dorling Kindersley Book , |c 1998 | ||
| 650 | 0 | |a Golf | |
| 999 | |a 0001014309 |b Book |c Adult Collection |e Cawangan Urban Transformation Centre | ||
| 999 | |a 0001014310 |b Book |c Adult Collection |e Perbadanan Perpustakaan Awam Johor | ||